[Event "ODJM B 2025"]
[Site "Willingen GER"]
[Date "2025.06.09"]
[Round "3"]
[White "Han, Erdem"]
[Black "Hofmann, Diego"]
[Result "0-1"]
[Termination "normal"]
[Board "29"]
[WhiteElo "1765"]
[BlackElo "1796"]
[WhiteClock "00:06:43"]
[BlackClock "00:05:47"]
[PlyCount "86"]
[WhiteFideId "533000646"]
[BlackFideId "16269020"]
[EventCountry "GER"]
[EventRounds "9"]
[EventType "swiss"]
[EventDate "2025.06.07"]

1. d4 {[%clk 01:30:58]} {[%emt 00:00:02]} Nf6 {[%clk 01:30:56]} {[%emt
00:00:04]} 2. c4 {[%clk 01:31:23]} {[%emt 00:00:05]} g6 {[%clk 01:31:23]}
{[%emt 00:00:03]} 3. Nc3 {[%clk 01:31:44]} {[%emt 00:00:09]} d5 {[%clk
01:31:49]} {[%emt 00:00:03]} 4. cxd5 {[%clk 01:30:19]} {[%emt 00:01:55]} Nxd5
{[%clk 01:32:11]} {[%emt 00:00:08]} 5. e4 {[%clk 01:30:40]} {[%emt 00:00:08]}
Nxc3 {[%clk 01:32:32]} {[%emt 00:00:10]} 6. bxc3 {[%clk 01:31:05]} {[%emt
00:00:05]} Bg7 {[%clk 01:32:55]} {[%emt 00:00:07]} 7. Bc4 {[%clk 01:29:17]}
{[%emt 00:02:17]} c5 {[%clk 01:31:56]} {[%emt 00:01:30]} 8. Ne2 {[%clk
01:26:35]} {[%emt 00:03:11]} O-O {[%clk 01:31:38]} {[%emt 00:00:49]} 9. O-O
{[%clk 01:26:49]} {[%emt 00:00:16]} cxd4 {[%clk 01:22:25]} {[%emt 00:09:42]}
10. cxd4 {[%clk 01:26:45]} {[%emt 00:00:34]} Nc6 {[%clk 01:10:00]} {[%emt
00:12:55]} 11. Be3 {[%clk 01:25:05]} {[%emt 00:02:10]} Na5 {[%clk 01:04:36]}
{[%emt 00:05:54]} 12. Bd3 {[%clk 01:17:47]} {[%emt 00:07:48]} Nc6 {[%clk
00:52:45]} {[%emt 00:12:22]} 13. Bb5 {[%clk 01:12:39]} {[%emt 00:05:37]} Bd7
{[%clk 00:50:44]} {[%emt 00:02:32]} 14. Rc1 {[%clk 01:09:45]} {[%emt 00:03:22]}
Ne5 {[%clk 00:42:08]} {[%emt 00:09:07]} 15. Qa4 {[%clk 00:59:08]} {[%emt
00:11:07]} a6 {[%clk 00:39:09]} {[%emt 00:03:30]} 16. Bxd7 {[%clk 00:54:35]}
{[%emt 00:05:03]} Nxd7 {[%clk 00:39:28]} {[%emt 00:00:12]} 17. Rc2 {[%clk
00:47:00]} {[%emt 00:08:05]} b5 {[%clk 00:37:38]} {[%emt 00:02:19]} 18. Qb4
{[%clk 00:42:05]} {[%emt 00:05:23]} Nb6 {[%clk 00:35:56]} {[%emt 00:02:13]} 19.
d5 {[%clk 00:40:31]} {[%emt 00:02:04]} Nc4 {[%clk 00:30:42]} {[%emt 00:05:45]}
20. Bc5 {[%clk 00:33:18]} {[%emt 00:07:43]} Re8 {[%clk 00:29:44]} {[%emt
00:01:28]} 21. a4 {[%clk 00:32:46]} {[%emt 00:01:02]} Qd7 {[%clk 00:28:02]}
{[%emt 00:02:12]} 22. Rb1 {[%clk 00:31:34]} {[%emt 00:01:41]} Rab8 {[%clk
00:20:34]} {[%emt 00:08:00]} 23. f3 {[%clk 00:30:09]} {[%emt 00:01:53]} Rec8
{[%clk 00:17:14]} {[%emt 00:03:50]} 24. Nd4 {[%clk 00:22:00]} {[%emt 00:08:40]}
a5 {[%clk 00:16:01]} {[%emt 00:01:44]} 25. Qb3 {[%clk 00:15:38]} {[%emt
00:06:51]} Rxc5 {[%clk 00:15:38]} {[%emt 00:00:53]} 26. Nxb5 {[%clk 00:15:53]}
{[%emt 00:00:15]} Bd4+ {[%clk 00:12:35]} {[%emt 00:03:32]} 27. Nxd4 {[%clk
00:15:41]} {[%emt 00:00:43]} Rxb3 {[%clk 00:12:59]} {[%emt 00:00:05]} 28. Nxb3
{[%clk 00:11:49]} {[%emt 00:04:23]} Rc8 {[%clk 00:10:49]} {[%emt 00:02:40]} 29.
Rbc1 {[%clk 00:11:36]} {[%emt 00:00:43]} Nd6 {[%clk 00:08:41]} {[%emt
00:02:38]} 30. Rxc8+ {[%clk 00:11:33]} {[%emt 00:00:33]} Nxc8 {[%clk 00:09:02]}
{[%emt 00:00:09]} 31. Nxa5 {[%clk 00:11:46]} {[%emt 00:00:17]} Qa7+ {[%clk
00:08:53]} {[%emt 00:00:39]} 32. Kf1 {[%clk 00:11:18]} {[%emt 00:00:57]} Qxa5
{[%clk 00:07:28]} {[%emt 00:01:56]} 33. Rxc8+ {[%clk 00:11:46]} {[%emt
00:00:02]} Kg7 {[%clk 00:07:52]} {[%emt 00:00:07]} 34. Rc2 {[%clk 00:11:04]}
{[%emt 00:01:11]} Qxa4 {[%clk 00:08:06]} {[%emt 00:00:17]} 35. Re2 {[%clk
00:11:20]} {[%emt 00:00:13]} Qd1+ {[%clk 00:07:40]} {[%emt 00:00:56]} 36. Kf2
{[%clk 00:11:40]} {[%emt 00:00:10]} e6 {[%clk 00:07:47]} {[%emt 00:00:23]} 37.
dxe6 {[%clk 00:11:49]} {[%emt 00:00:21]} fxe6 {[%clk 00:08:09]} {[%emt
00:00:08]} 38. g3 {[%clk 00:11:07]} {[%emt 00:01:12]} e5 {[%clk 00:08:04]}
{[%emt 00:00:35]} 39. Re1 {[%clk 00:09:45]} {[%emt 00:01:52]} Qd4+ {[%clk
00:08:18]} {[%emt 00:00:16]} 40. Kf1 {[%clk 00:08:47]} {[%emt 00:01:28]} g5
{[%clk 00:07:46]} {[%emt 00:01:02]} 41. Re2 {[%clk 00:08:35]} {[%emt 00:00:41]}
Qd1+ {[%clk 00:06:52]} {[%emt 00:01:24]} 42. Kf2 {[%clk 00:08:55]} {[%emt
00:00:11]} h5 {[%clk 00:05:57]} {[%emt 00:01:25]} 43. Re3 {[%clk 00:06:43]}
{[%emt 00:02:43]} Qh1 {[%clk 00:05:47]} {[%emt 00:00:40]} 0-1

[Event "ODJM B 2025"]
[Site "Willingen GER"]
[Date "2025.06.09"]
[Round "3"]
[White "Jones, Colin"]
[Black "Kanno, Clara Yumi"]
[Result "0-1"]
[Termination "normal"]
[Board "30"]
[WhiteElo "1531"]
[BlackElo "1706"]
[WhiteClock "01:19:42"]
[BlackClock "00:44:21"]
[PlyCount "54"]
[WhiteFideId "533043655"]
[BlackFideId "16259661"]
[EventCountry "GER"]
[EventRounds "9"]
[EventType "swiss"]
[EventDate "2025.06.07"]

1. e4 {[%clk 01:30:57]} {[%emt 00:00:02]} d5 {[%clk 01:30:48]} {[%emt
00:00:12]} 2. exd5 {[%clk 01:31:16]} {[%emt 00:00:11]} Nf6 {[%clk 01:31:10]}
{[%emt 00:00:08]} 3. d4 {[%clk 01:31:39]} {[%emt 00:00:08]} Bg4 {[%clk
01:30:49]} {[%emt 00:00:51]} 4. Be2 {[%clk 01:31:50]} {[%emt 00:00:18]} Bxe2
{[%clk 01:30:54]} {[%emt 00:00:25]} 5. Nxe2 {[%clk 01:32:03]} {[%emt 00:00:18]}
Qxd5 {[%clk 01:30:30]} {[%emt 00:00:53]} 6. O-O {[%clk 01:32:07]} {[%emt
00:00:26]} e6 {[%clk 01:29:50]} {[%emt 00:01:10]} 7. Nd2 {[%clk 01:31:42]}
{[%emt 00:00:56]} c5 {[%clk 01:25:18]} {[%emt 00:05:01]} 8. c4 {[%clk
01:31:30]} {[%emt 00:00:43]} Qd7 {[%clk 01:24:38]} {[%emt 00:01:09]} 9. Nf3
{[%clk 01:31:07]} {[%emt 00:00:53]} Nc6 {[%clk 01:22:07]} {[%emt 00:03:01]} 10.
Be3 {[%clk 01:30:23]} {[%emt 00:01:15]} cxd4 {[%clk 01:22:06]} {[%emt
00:00:30]} 11. Nexd4 {[%clk 01:29:35]} {[%emt 00:01:18]} Be7 {[%clk 01:20:41]}
{[%emt 00:01:55]} 12. a3 {[%clk 01:29:03]} {[%emt 00:01:03]} O-O {[%clk
01:20:00]} {[%emt 00:01:11]} 13. Bg5 {[%clk 01:29:07]} {[%emt 00:00:26]} Rfd8
{[%clk 01:16:24]} {[%emt 00:04:05]} 14. Nxc6 {[%clk 01:28:54]} {[%emt
00:00:44]} Qxc6 {[%clk 01:16:25]} {[%emt 00:00:28]} 15. Qc2 {[%clk 01:28:09]}
{[%emt 00:01:15]} h6 {[%clk 01:14:46]} {[%emt 00:02:08]} 16. Bh4 {[%clk
01:27:55]} {[%emt 00:00:45]} Rac8 {[%clk 01:12:27]} {[%emt 00:02:50]} 17. Rac1
{[%clk 01:27:26]} {[%emt 00:00:59]} a5 {[%clk 01:00:48]} {[%emt 00:12:08]} 18.
Ne5 {[%clk 01:26:10]} {[%emt 00:01:46]} Qc5 {[%clk 00:54:59]} {[%emt 00:06:17]}
19. Nd3 {[%clk 01:26:00]} {[%emt 00:00:41]} Qd4 {[%clk 00:53:52]} {[%emt
00:01:36]} 20. Bxf6 {[%clk 01:25:52]} {[%emt 00:00:40]} Bxf6 {[%clk 00:54:08]}
{[%emt 00:00:14]} 21. Rfd1 {[%clk 01:26:08]} {[%emt 00:00:15]} Bg5 {[%clk
00:53:55]} {[%emt 00:00:42]} 22. Ne1 {[%clk 01:25:02]} {[%emt 00:01:37]} Qg4
{[%clk 00:51:05]} {[%emt 00:03:18]} 23. Rxd8+ {[%clk 01:23:39]} {[%emt
00:01:55]} Rxd8 {[%clk 00:50:58]} {[%emt 00:00:37]} 24. Rb1 {[%clk 01:23:12]}
{[%emt 00:00:57]} Rd2 {[%clk 00:47:42]} {[%emt 00:03:46]} 25. Qb3 {[%clk
01:21:30]} {[%emt 00:02:12]} Qf5 {[%clk 00:43:45]} {[%emt 00:04:23]} 26. Ra1
{[%clk 01:19:16]} {[%emt 00:02:47]} Qxf2+ {[%clk 00:43:58]} {[%emt 00:00:17]}
27. Kh1 {[%clk 01:19:42]} {[%emt 00:00:04]} Qf1# {[%clk 00:44:21]} {[%emt
00:00:06]} 0-1

[Event "ODJM B 2025"]
[Site "Willingen GER"]
[Date "2025.06.09"]
[Round "3"]
[White "de Cauter, Leah"]
[Black "Zussner, Tim"]
[Result "0-1"]
[Termination "normal"]
[Board "31"]
[WhiteElo "1649"]
[BlackElo "1800"]
[WhiteClock "00:03:35"]
[BlackClock "00:12:28"]
[PlyCount "98"]
[WhiteFideId "16222350"]
[BlackFideId "34642765"]
[EventCountry "GER"]
[EventRounds "9"]
[EventType "swiss"]
[EventDate "2025.06.07"]

1. c4 {[%clk 01:30:57]} {[%emt 00:00:03]} Nf6 {[%clk 01:30:56]} {[%emt
00:00:04]} 2. g3 {[%clk 01:31:15]} {[%emt 00:00:12]} c5 {[%clk 01:30:49]}
{[%emt 00:00:38]} 3. Bg2 {[%clk 01:31:34]} {[%emt 00:00:10]} e6 {[%clk
01:29:18]} {[%emt 00:02:01]} 4. Nc3 {[%clk 01:31:24]} {[%emt 00:00:41]} d5
{[%clk 01:29:02]} {[%emt 00:00:46]} 5. cxd5 {[%clk 01:19:24]} {[%emt 00:12:29]}
exd5 {[%clk 01:29:16]} {[%emt 00:00:17]} 6. d4 {[%clk 01:18:21]} {[%emt
00:01:32]} Nc6 {[%clk 01:26:23]} {[%emt 00:03:23]} 7. dxc5 {[%clk 01:17:41]}
{[%emt 00:01:11]} d4 {[%clk 01:24:10]} {[%emt 00:02:44]} 8. Nb5 {[%clk
01:11:02]} {[%emt 00:07:07]} Qa5+ {[%clk 01:22:55]} {[%emt 00:01:46]} 9. Qd2
{[%clk 01:07:12]} {[%emt 00:04:19]} Qxb5 {[%clk 01:22:46]} {[%emt 00:00:40]}
10. Qg5 {[%clk 00:36:55]} {[%emt 00:30:46]} Qxc5 {[%clk 01:20:00]} {[%emt
00:03:17]} 11. Qd2 {[%clk 00:27:46]} {[%emt 00:09:38]} Qb6 {[%clk 01:16:30]}
{[%emt 00:04:00]} 12. a3 {[%clk 00:23:50]} {[%emt 00:04:27]} Be7 {[%clk
01:14:51]} {[%emt 00:02:08]} 13. Nf3 {[%clk 00:22:29]} {[%emt 00:01:51]} O-O
{[%clk 01:14:02]} {[%emt 00:01:20]} 14. O-O {[%clk 00:22:42]} {[%emt 00:00:17]}
Rd8 {[%clk 01:13:13]} {[%emt 00:01:18]} 15. b4 {[%clk 00:22:20]} {[%emt
00:00:53]} Be6 {[%clk 01:10:21]} {[%emt 00:03:22]} 16. Bb2 {[%clk 00:21:36]}
{[%emt 00:01:13]} a5 {[%clk 00:55:14]} {[%emt 00:15:37]} 17. b5 {[%clk
00:16:44]} {[%emt 00:05:22]} Qxb5 {[%clk 00:54:07]} {[%emt 00:01:38]} 18. Nxd4
{[%clk 00:16:27]} {[%emt 00:00:47]} Nxd4 {[%clk 00:50:44]} {[%emt 00:03:52]}
19. Bxd4 {[%clk 00:16:47]} {[%emt 00:00:10]} Qd7 {[%clk 00:44:46]} {[%emt
00:06:28]} 20. e3 {[%clk 00:16:29]} {[%emt 00:00:48]} Bh3 {[%clk 00:41:55]}
{[%emt 00:03:21]} 21. Qb2 {[%clk 00:14:02]} {[%emt 00:02:57]} Bxg2 {[%clk
00:40:24]} {[%emt 00:02:01]} 22. Kxg2 {[%clk 00:14:28]} {[%emt 00:00:05]} b5
{[%clk 00:37:29]} {[%emt 00:03:25]} 23. Rfc1 {[%clk 00:11:40]} {[%emt
00:03:17]} Rdc8 {[%clk 00:36:33]} {[%emt 00:01:27]} 24. Rd1 {[%clk 00:11:55]}
{[%emt 00:00:14]} Qb7+ {[%clk 00:35:04]} {[%emt 00:01:59]} 25. f3 {[%clk
00:11:03]} {[%emt 00:01:22]} Rc4 {[%clk 00:30:47]} {[%emt 00:04:48]} 26. Bc3
{[%clk 00:08:58]} {[%emt 00:02:34]} Rac8 {[%clk 00:28:40]} {[%emt 00:02:37]}
27. Rac1 {[%clk 00:06:26]} {[%emt 00:03:02]} b4 {[%clk 00:21:15]} {[%emt
00:07:56]} 28. axb4 {[%clk 00:06:46]} {[%emt 00:00:09]} axb4 {[%clk 00:21:16]}
{[%emt 00:00:29]} 29. Bd4 {[%clk 00:05:37]} {[%emt 00:01:38]} Rxc1 {[%clk
00:19:28]} {[%emt 00:02:19]} 30. Rxc1 {[%clk 00:06:03]} {[%emt 00:00:05]} Rxc1
{[%clk 00:19:51]} {[%emt 00:00:07]} 31. Qxc1 {[%clk 00:06:31]} {[%emt
00:00:02]} h6 {[%clk 00:17:53]} {[%emt 00:02:27]} 32. Qc4 {[%clk 00:05:58]}
{[%emt 00:00:42]} b3 {[%clk 00:14:38]} {[%emt 00:04:07]} 33. Bb2 {[%clk
00:06:23]} {[%emt 00:00:05]} Nd5 {[%clk 00:13:01]} {[%emt 00:02:06]} 34. Kf2
{[%clk 00:06:31]} {[%emt 00:00:22]} Bf6 {[%clk 00:11:23]} {[%emt 00:02:08]} 35.
Bxf6 {[%clk 00:05:53]} {[%emt 00:01:07]} Nxf6 {[%clk 00:11:23]} {[%emt
00:00:31]} 36. Qd3 {[%clk 00:05:49]} {[%emt 00:00:33]} b2 {[%clk 00:11:04]}
{[%emt 00:00:51]} 37. Qd8+ {[%clk 00:05:35]} {[%emt 00:00:43]} Kh7 {[%emt
00:00:20]} 38. Qd3+ {[%clk 00:05:59]} {[%emt 00:00:01]} g6 {[%clk 00:11:39]}
{[%emt 00:00:11]} 39. Qb1 {[%clk 00:06:11]} {[%emt 00:00:17]} Nd5 {[%clk
00:11:53]} {[%emt 00:00:17]} 40. g4 {[%clk 00:03:39]} {[%emt 00:03:01]} Nc3
{[%clk 00:11:51]} {[%emt 00:00:32]} 41. Qc2 {[%clk 00:03:27]} {[%emt 00:00:41]}
b1=Q {[%clk 00:12:10]} {[%emt 00:00:12]} 42. Qxc3 {[%clk 00:03:37]} {[%emt
00:00:19]} Q7b2+ {[%clk 00:12:31]} {[%emt 00:00:10]} 43. Qxb2 {[%clk 00:03:16]}
{[%emt 00:00:51]} Qxb2+ {[%clk 00:12:56]} {[%emt 00:00:05]} 44. Kg3 {[%clk
00:03:21]} {[%emt 00:00:24]} Qe2 {[%clk 00:12:31]} {[%emt 00:00:55]} 45. e4
{[%clk 00:03:36]} {[%emt 00:00:14]} g5 {[%clk 00:12:22]} {[%emt 00:00:39]} 46.
h3 {[%clk 00:03:23]} {[%emt 00:00:43]} Qf1 {[%clk 00:12:25]} {[%emt 00:00:28]}
47. h4 {[%clk 00:02:54]} {[%emt 00:00:59]} gxh4+ {[%clk 00:12:22]} {[%emt
00:00:33]} 48. Kxh4 {[%clk 00:03:15]} {[%emt 00:00:09]} Qg2 {[%clk 00:12:33]}
{[%emt 00:00:19]} 49. e5 {[%clk 00:03:35]} {[%emt 00:00:10]} Qh2# {[%clk
00:12:28]} {[%emt 00:00:05]} 0-1

[Event "ODJM B 2025"]
[Site "Willingen GER"]
[Date "2025.06.09"]
[Round "3"]
[White "Gold, Finnja"]
[Black "Müller, Cosima"]
[Result "1/2-1/2"]
[Termination "normal"]
[Board "33"]
[WhiteElo "1631"]
[BlackElo "1757"]
[WhiteClock "00:33:53"]
[BlackClock "00:11:55"]
[PlyCount "111"]
[WhiteFideId "34660453"]
[BlackFideId "34601490"]
[EventCountry "GER"]
[EventRounds "9"]
[EventType "swiss"]
[EventDate "2025.06.07"]

1. e4 {[%clk 01:30:58]} {[%emt 00:00:01]} c5 {[%clk 01:30:56]} {[%emt
00:00:05]} 2. Ne2 {[%clk 01:31:21]} {[%emt 00:00:06]} Nc6 {[%clk 01:30:52]}
{[%emt 00:00:34]} 3. c4 {[%clk 01:31:41]} {[%emt 00:00:10]} g6 {[%clk
01:30:23]} {[%emt 00:00:59]} 4. d4 {[%clk 01:31:58]} {[%emt 00:00:12]} cxd4
{[%clk 01:30:42]} {[%emt 00:00:11]} 5. Nxd4 {[%clk 01:32:20]} {[%emt 00:00:08]}
Bg7 {[%clk 01:30:50]} {[%emt 00:00:22]} 6. Be3 {[%clk 01:32:41]} {[%emt
00:00:09]} Nf6 {[%clk 01:31:10]} {[%emt 00:00:10]} 7. Nc3 {[%clk 01:33:01]}
{[%emt 00:00:10]} O-O {[%clk 01:31:30]} {[%emt 00:00:10]} 8. f3 {[%clk
01:33:26]} {[%emt 00:00:05]} d6 {[%clk 01:31:27]} {[%emt 00:00:34]} 9. Be2
{[%clk 01:33:40]} {[%emt 00:00:15]} Nxd4 {[%clk 01:28:50]} {[%emt 00:03:08]}
10. Bxd4 {[%clk 01:33:14]} {[%emt 00:00:55]} Be6 {[%clk 01:27:05]} {[%emt
00:02:16]} 11. O-O {[%clk 01:32:01]} {[%emt 00:01:42]} Nd7 {[%clk 01:25:48]}
{[%emt 00:01:48]} 12. Rc1 {[%clk 01:27:22]} {[%emt 00:05:07]} Bxd4+ {[%clk
01:25:16]} {[%emt 00:01:02]} 13. Qxd4 {[%clk 01:27:34]} {[%emt 00:00:18]} Qb6
{[%clk 01:25:29]} {[%emt 00:00:18]} 14. Nb5 {[%clk 01:25:19]} {[%emt 00:02:44]}
Rfc8 {[%clk 01:09:01]} {[%emt 00:16:56]} 15. b3 {[%clk 01:25:02]} {[%emt
00:00:49]} f6 {[%clk 01:07:01]} {[%emt 00:02:31]} 16. Rfd1 {[%clk 01:23:53]}
{[%emt 00:01:37]} Qxd4+ {[%clk 01:06:06]} {[%emt 00:01:27]} 17. Nxd4 {[%clk
01:23:54]} {[%emt 00:00:28]} Bf7 {[%clk 01:06:10]} {[%emt 00:00:26]} 18. g3
{[%clk 01:16:19]} {[%emt 00:08:05]} Nc5 {[%clk 00:57:59]} {[%emt 00:08:41]} 19.
Kf2 {[%clk 01:14:46]} {[%emt 00:02:02]} Ne6 {[%clk 00:54:26]} {[%emt 00:04:04]}
20. Nxe6 {[%clk 01:14:01]} {[%emt 00:01:15]} Bxe6 {[%clk 00:54:42]} {[%emt
00:00:14]} 21. f4 {[%clk 01:14:21]} {[%emt 00:00:10]} Rc6 {[%clk 00:53:12]}
{[%emt 00:02:00]} 22. Bf3 {[%clk 01:13:21]} {[%emt 00:01:30]} Ra6 {[%clk
00:53:01]} {[%emt 00:00:41]} 23. Rd2 {[%clk 01:11:40]} {[%emt 00:02:11]} Rb8
{[%clk 00:50:29]} {[%emt 00:03:02]} 24. c5 {[%clk 01:08:56]} {[%emt 00:03:14]}
Rc8 {[%clk 00:46:34]} {[%emt 00:04:25]} 25. e5 {[%clk 01:07:01]} {[%emt
00:02:25]} Rc7 {[%clk 00:45:29]} {[%emt 00:01:36]} 26. exd6 {[%clk 01:02:54]}
{[%emt 00:04:37]} exd6 {[%clk 00:41:44]} {[%emt 00:04:14]} 27. Be2 {[%clk
00:47:13]} {[%emt 00:16:10]} Rac6 {[%clk 00:36:08]} {[%emt 00:06:07]} 28. Bf3
{[%clk 00:46:39]} {[%emt 00:01:04]} Rxc5 {[%clk 00:35:17]} {[%emt 00:01:21]}
29. Re1 {[%clk 00:46:29]} {[%emt 00:00:40]} Rc2 {[%clk 00:33:52]} {[%emt
00:01:55]} 30. Ree2 {[%clk 00:45:58]} {[%emt 00:01:01]} Rxd2 {[%clk 00:33:37]}
{[%emt 00:00:46]} 31. Rxd2 {[%clk 00:46:22]} {[%emt 00:00:05]} Rd7 {[%clk
00:33:51]} {[%emt 00:00:17]} 32. Ke3 {[%clk 00:46:14]} {[%emt 00:00:37]} Kf7
{[%clk 00:33:19]} {[%emt 00:01:02]} 33. Kd4 {[%clk 00:46:02]} {[%emt 00:00:43]}
Rc7 {[%clk 00:31:55]} {[%emt 00:01:53]} 34. Bd5 {[%clk 00:45:57]} {[%emt
00:00:35]} Bxd5 {[%clk 00:29:42]} {[%emt 00:02:44]} 35. Kxd5 {[%clk 00:46:17]}
{[%emt 00:00:09]} Ke7 {[%clk 00:29:51]} {[%emt 00:00:21]} 36. b4 {[%clk
00:45:52]} {[%emt 00:00:55]} a5 {[%clk 00:29:03]} {[%emt 00:01:19]} 37. bxa5
{[%clk 00:44:44]} {[%emt 00:01:38]} Rc5+ {[%clk 00:29:20]} {[%emt 00:00:12]}
38. Kd4 {[%clk 00:44:50]} {[%emt 00:00:23]} Rxa5 {[%clk 00:29:28]} {[%emt
00:00:22]} 39. Rb2 {[%clk 00:44:02]} {[%emt 00:01:19]} b5 {[%clk 00:27:52]}
{[%emt 00:02:06]} 40. Kd5 {[%clk 00:43:03]} {[%emt 00:01:29]} Kd7 {[%clk
00:27:15]} {[%emt 00:01:07]} 41. Rc2 {[%clk 00:42:48]} {[%emt 00:00:45]} b4+
{[%clk 00:26:20]} {[%emt 00:01:26]} 42. Kd4 {[%clk 00:42:11]} {[%emt 00:01:06]}
d5 {[%clk 00:22:15]} {[%emt 00:04:35]} 43. Rb2 {[%clk 00:38:15]} {[%emt
00:04:26]} Ke6 {[%clk 00:21:14]} {[%emt 00:01:31]} 44. Re2+ {[%clk 00:36:04]}
{[%emt 00:02:41]} Kf5 {[%clk 00:19:22]} {[%emt 00:02:22]} 45. Rb2 {[%clk
00:35:44]} {[%emt 00:00:49]} Ke6 {[%clk 00:17:47]} {[%emt 00:02:06]} 46. Re2+
{[%clk 00:35:58]} {[%emt 00:00:15]} Kd6 {[%clk 00:16:34]} {[%emt 00:01:45]} 47.
Rc2 {[%clk 00:35:22]} {[%emt 00:01:06]} Ra4 {[%clk 00:16:18]} {[%emt 00:00:45]}
48. Kd3 {[%clk 00:34:39]} {[%emt 00:01:14]} Ra3+ {[%clk 00:15:53]} {[%emt
00:00:55]} 49. Kd4 {[%clk 00:34:50]} {[%emt 00:00:18]} b3 {[%clk 00:15:43]}
{[%emt 00:00:40]} 50. axb3 {[%clk 00:34:51]} {[%emt 00:00:29]} Rxb3 {[%clk
00:16:09]} {[%emt 00:00:04]} 51. Ra2 {[%clk 00:34:17]} {[%emt 00:01:03]} Rb4+
{[%clk 00:15:57]} {[%emt 00:00:43]} 52. Kc3 {[%clk 00:34:22]} {[%emt 00:00:24]}
Rc4+ {[%clk 00:16:08]} {[%emt 00:00:20]} 53. Kd3 {[%clk 00:34:05]} {[%emt
00:00:47]} Rc7 {[%clk 00:11:45]} {[%emt 00:04:52]} 54. Ra6+ {[%clk 00:33:50]}
{[%emt 00:00:45]} Rc6 {[%clk 00:11:48]} {[%emt 00:00:28]} 55. Ra7 {[%clk
00:33:34]} {[%emt 00:00:46]} Rc7 {[%clk 00:11:55]} {[%emt 00:00:23]} 56. Ra6+
{[%clk 00:33:53]} {[%emt 00:00:11]} 1/2-1/2